| 000 | 01494cam a22004697a 4500 | ||
|---|---|---|---|
| 001 | 14431732 | ||
| 003 | OSt | ||
| 005 | 20151203121719.0 | ||
| 008 | 060628s2005 enk d 000 0 eng d | ||
| 010 | _a 2006278371 | ||
| 015 |
_aGBA518473 _2bnb |
||
| 016 | 7 |
_a013124669 _2Uk |
|
| 020 | _a0521604052 (pbk.) | ||
| 020 | _a9780521604055 | ||
| 035 | _a(CStRLIN)NYUGB13293523-B | ||
| 035 | _a(NNU)NYUb13293523 | ||
| 035 | _a(OCoLC)ocm58051937 | ||
| 035 | _a(NYU)NYUb13293523 | ||
| 040 |
_aUKM _cUKM _dBAKER _dNNU _dDLC |
||
| 042 | _alccopycat | ||
| 050 | 0 | 0 |
_aQC 21.3 _b.T882 2005 |
| 082 | 0 | 4 | _aIB 530.22 |
| 100 | 1 | _aTsokos, K. A. | |
| 245 | 1 | 0 |
_aPhysics for the IB diploma : _cK.A. Tsokos. _bstandard and higher level |
| 250 | _a4th ed. | ||
| 260 |
_aCambridge : _bCambridge University Press, _c2005. |
||
| 300 |
_ax, 694 pages., : _bill. ; _c28 cm. |
||
| 500 | _a"Standard and higher level"--Cover. | ||
| 521 | _bLexile | ||
| 526 | _c1210L-1710L | ||
| 562 | _e3 | ||
| 650 | 0 | _aPhysics. | |
| 650 | 0 |
_aPhysics _xExaminations _vStudy guides. |
|
| 856 | 4 | 2 |
_3Publisher description _uhttp://www.loc.gov/catdir/enhancements/fy0664/2006278371-d.html |
| 856 | 4 | 1 |
_3Table of contents only _uhttp://www.loc.gov/catdir/enhancements/fy0664/2006278371-t.html |
| 906 |
_a7 _bcbc _ccopycat _d3 _encip _f20 _gy-gencatlg |
||
| 942 |
_2lcc _cBK |
||
| 999 |
_c1119 _d1119 |
||